LEADER 01321nam a2200301 u 4500 001 000000078460 003 CaOOAMICUS 005 20070226123431.0 008 040428s1951 fr u000 u fre u 035 $a10992487 040 $aDAI(R)$bita 041 1 $afre$agrc 100 0 $aAristoteles,$d384-322 a.C.$0(OLS)http://pul/name/792 240 10$aDe generatione et corruptione$9(Aristoteles, 384-322 a.C.).$lFrancese e greco.$0(OLS)http://pul/title/2384 245 10$aDe la génération et de la corruption :$b(de generatione et corruptione) /$cAristote ; traduction nouvelle et notes par J. Tricot. 250 $a2. ed. 260 $aParis :$bVrin,$c1951. 300 $axviii, 106 p. ;$c19 cm 490 1 $aBibliothèque des textes philosophiques 504 $aLiteraturangaben. 830 0$aBibliothèque des textes philosophiques.$0(OLS)http://pul/title/6498 850 $aPUL 852 $aPUL$W1$xDP1 Fondo Seidl$y56$m1 A 15$j37517$nBK-PRI$b $qFondi$B100625$CPULBib$Z2$F100625 $HPUL91278 $81 900 $aAristotle,$d 384-322 a.C.$9792 900 $aAristotele,$d384-322 a.C.$9792 941 1 $a1 996 $6245$aDe la génération et de la corruption :$b(de generatione et corruptione)$9(OLS)http://pul/title/102786 996 $6260$aParis :$bVrin$9(OLS)http://pul/publisher/50780 LEADER 01629nam a2200337 i 4500 001 000000105248 003 CaOOAMICUS 005 20250912115531.0 008 070524s1984 it 000 u ita c 020 $a88-311-3043-9 040 $aPUL$bita$dES 041 1 $aita$hlat 100 0 $aAmbrosiaster,$df. 366-384.$0(OLS)http://pul/name/3705 245 10$aCommento alla Lettera ai Romani /$cAmbrosiaster ; traduzione, introduzione e note a cura di Alessandra Pollastri. 260 $aRoma :$bCittà Nuova,$cc1984. 300 $a343 p. ;$c21 cm 490 1 $aCollana di testi patristici ;$v43 504 $aBibliografia in nota 700 1 $aPollastri, Alessandra,$d1948-,$ecuratore,$eautore di introduzione,$etraduttore.$0(OLS)http://pul/name/2183 700 0 $aAmbrosiaster,$df. 366-384.$tIn epistulam ad Romanos.$0(OLS)http://pul/nameTitle/353$0(OLS)http://pul/name/3705$0(OLS)http://pul/title/132418 830 0$aCollana di testi patristici ;$v43.$0(OLS)http://pul/title/17027 850 $aPUL 852 $aPUL$W1$xSL Cons. Gen., Altre Classi 1$y1$m2000 E 43$j117956$qStampati$B117874$CPULBib$Z2$F117874 $H53441 $82 852 $aPUL$W1$xDP1 Fondo Liberati$y125$m2 B 6$j15264$qFondi$B207054$CPULBib$Z2$F207054 $HLib183 $82 900 $aGregorio di Nissa,$cs.,$dc. 335-c. 394$93044 941 1 $a1 941 1 $a8 996 $6020$a88-311-3043-9$9(OLS)http://pul/number/134503 996 $6245$aCommento alla Lettera ai Romani$9(OLS)http://pul/title/16468 996 $6260$aRoma :$bCittà Nuova$9(OLS)http://pul/publisher/47927